| 000 | 00474nam a2200181Ia 4500 | ||
|---|---|---|---|
| 003 | GCL | ||
| 008 | 140319s9999 xx 000 0 eng d | ||
| 040 |
_aGCL / _cGCL |
||
| 082 | 0 | 4 |
_a150 _bC P |
| 100 | 1 | _aCARDWELL, MIKE | |
| 245 | 1 | 0 |
_aPSYCHOLOGY: A LEVEL AN AS LEVEL / _cCARDWELL, MIKE |
| 260 |
_a[S.N] : _bLONGMAN GROUP UK LIMITED ، _c1994 |
||
| 300 | _a215 P | ||
| 490 |
_aLONGMAN REVIEW GUIDES _v0 |
||
| 650 | 0 | 4 | _aMETHODOLOGY |
| 650 | 0 | 4 | _aETHICS |
| 942 |
_2ddc _cBK |
||
| 999 |
_c23849 _d23849 |
||